Old european movies by Picture (1960’s) - Statistics

General Stats
  • This quiz has been taken 12 times
  • The average score is 4 of 16
Answer Stats
Picture Answer % Correct
Lawrence of Arabia (David Lean)
90%
8 1/2 (Federico Fellini)
50%
La Dolce Vita (Federico Fellini)
50%
Le Samouraï (Jean Pierre Melville)
50%
À bout de souffle (Jean Luc Godard)
40%
Il Gattopardo (Luchino Visconti)
40%
Plein Soleil (René Clément)
40%
Les Parapluies de Cherbourg (Jacques Demy)
20%
Playtime (Jacques Tati)
20%
Il Sorpasso (Dino Risi)
10%
La Grande vadrouille (Gérard Oury)
10%
Les Tontons flingueurs (Georges Lautner)
10%
Baisers volés (François Truffaut)
0%
Elle et lui (Claude Lellouche)
0%
L’Homme de Rio (Philippe de Broca)
0%
Ma nuit chez Maud (Éric Rohmer)
0%
No matching quizzes found
Score Distribution
Percent of People with Each Score
Percentile by Number Answered
Your Score History
You have not taken this quiz